Countries and capitals have the same amount of letters Quiz Stats

 Plays Quiz not verified by Sporcle

Score 0/32 Timer 10:00
0 Plays Today
# of Letters Country & Capital % Correct
4Lima, Peru
90.5%
6Ottawa, Canada
76.9%
4Suva, Fiji
76.2%
5Cairo, Egypt
76.2%
4Lome, Togo
71.4%
5Tokyo, Japan
71.4%
6Moscow, Russia
71.4%
10Luxembourg, Luxembourg
71.4%
8Djibouti, Djibouti
69.2%
6Warsaw, Poland
66.7%
9Singapore, Singapore
66.7%
6Athens, Greece
64.3%
5Sana'a, Yemen
61.9%
6Ankara, Turkey
61.9%
7Algiers, Algeria
61.5%
6Monaco, Monaco
59.5%
# of Letters Country & Capital % Correct
9San Marino, San Marino
59.5%
6Taipei, Taiwan
57.7%
5Accra, Ghana
54.8%
6Luanda, Angola
52.4%
6Lusaka, Zambia
50%
6Kigali, Rwanda
50%
10Wellington, New Zealand
50%
8Gaborone, Botswana
47.6%
5*Yaren, Nauru
45.2%
7Tallinn, Estonia
45.2%
11Vatican City, Vatican City
45.2%
7Yerevan, Armenia
42.9%
8Asuncion, Paraguay
42.9%
7Tbilisi, Georgia
40.5%
9Port Louis, Mauritius
28.6%
10Nouakchott, Mauritania
26.2%
Remove Ads.
Support Sporcle.
Get the best of Sporcle when you Go Orange. This ad-free experience offers more features, more stats, and more fun while also helping to support Sporcle. Thank you for becoming a member.

You're not logged in!

Compare scores with friends on all Sporcle quizzes.
OR
Log In

Show Comments

Extras

Top Quizzes Today


Score Distribution

Your Account Isn't Verified!

In order to create a playlist on Sporcle, you need to verify the email address you used during registration. Go to your Sporcle Settings to finish the process.

Report this User

Report this user for behavior that violates our Community Guidelines.

Details: